INDIAN MEDICINAL PLANTS (Record no. 216368)

MARC details
000 -LEADER
fixed length control field 00430nam a22001457a 4500
008 - FIXED-LENGTH DATA ELEMENTS--GENERAL INFORMATION
fixed length control field 251219b |||||||| |||| 00| 0 eng d
020 ## - INTERNATIONAL STANDARD BOOK NUMBER
International Standard Book Number 978-93-89211-12-2
100 ## - MAIN ENTRY--PERSONAL NAME
Personal name SALA, ARYA VAIDYA
245 ## - TITLE STATEMENT
Title INDIAN MEDICINAL PLANTS
Remainder of title A COMPENDIUM OF 500 SPECIES
260 ## - PUBLICATION, DISTRIBUTION, ETC.
Place of publication, distribution, etc. TELANGANA, INDIA
Name of publisher, distributor, etc. UNIVERSITIES PRESS
Date of publication, distribution, etc. 2019
300 ## - PHYSICAL DESCRIPTION
Extent XIV, 592P.
650 ## - SUBJECT ADDED ENTRY
Topical term or geographic name entry element 1. MEDICINAL PLANTS - INDIA
942 ## - ADDED ENTRY ELEMENTS (KOHA)
Source of classification or shelving scheme Library of Congress Classification
Koha item type Long Loan Book

No items available.